Statistiques concernant Football: les adversaires Français de l'Inter Milan en Coupes d'Europe

Cliquez ici pour prendre le quiz!

Statistiques générales

  • Ce quiz a été pris 121 fois
  • Le résultat moyen est 7 sur 9

Statistiques - réponses

Réponse% Correct
Olympique de Marseille
100%
Olympique Lyonnais
97%
Lille OSC
96%
AS Monaco
87%
FC Nantes
87%
AS Saint-Etienne
86%
RC Strasbourg
68%
FC Sochaux-Montbéliard
50%
EA Guingamp
30%

Distribution des résultats

Percentile par nombre de réponses

% des personnes avec chaque résultat

Votre développement - résultats

Vous n’avez pas pris ce quiz